| 000 | 00448nam a22001697a 4500 | ||
|---|---|---|---|
| 999 |
_c11452 _d11452 |
||
| 003 | OSt | ||
| 008 | 220810b ||||| |||| 00| 0 eng d | ||
| 020 | _a9789387925564 | ||
| 082 | _a801.95 BAB | ||
| 100 | _aBARRY, Peter | ||
| 245 | _aBeginning Theory: An Introduction to Literary and Cultural Theory | ||
| 250 | _a4th ed. | ||
| 260 |
_aNew Delhi _bViva Books Pvt. Ltd. _c2018 |
||
| 300 | _a362 p. | ||
| 650 | _aEnglish (H) | ||
| 942 |
_2ddc _cBK _05 |
||